Introduction to Information Processing

Bibliographic Details
Main Author: Spencer, Donald D.
Format: Book
Language:English
Published: Columbus : Charles E. Merrill Publishing Company , c1981
Edition:Third Edition
Subjects:

MARC

LEADER 00000cam a2200000 7i4500
001 0000000138
005 20230517.0
008 991123 ohu eng
020 |a 0675080738 
040 |a INS 
090 0 0 |a QA76   |b .S678 1981 
100 1 |a Spencer, Donald D. 
245 1 0 |a Introduction to Information Processing   |c Donald D. Spencer 
250 |a Third Edition 
260 |a Columbus :   |b Charles E. Merrill Publishing Company ,   |c c1981 
300 |a xvi, 792 p. :   |b ill. ;   |c 26 cm. 
500 |a Includes index 
650 0 |a Electronic data processing 
650 0 |a Electronic digital computers 
999 |a 0000003317   |b BOOK   |c Open Shelf   |e Default branch